000 00406 a2200145 4500
999 _c8265
_d8265
020 _a9781770240155
050 _aPL8745MPE2006
100 _aMpenyana , MB
_eauthor
245 _aHi Timula Torha :
_bBuku ya Munyodzi Giredhi ya 12 /
_cMB Mpenyana ,CM Lubisi and A Baloyi
264 _aR S A :
_bVivlia,
_c2006
300 _a304p. :
500 _abook
650 _aNtumbuluko
942 _2lcc
_cBK
_h8745
_iMPE
_kPL